| 000 | 01004nam a22002777a 4500 | ||
|---|---|---|---|
| 001 | 8379 | ||
| 003 | FISKH | ||
| 005 | 20250910111016.0 | ||
| 008 | 250910b cb ||||| |||| 00| 0 eng d | ||
| 020 | _a078073458240 | ||
| 040 |
_aFISKH _beng _cFISKH _dFISKH |
||
| 050 | _aPZ7 | ||
| 082 | _a425 | ||
| 100 | _aCharlesworth, Liza | ||
| 245 |
_aThe no-good, rotten, run-on sentence / _cby Liza Charlesworth ; illustrated by Doug Jones |
||
| 260 |
_aNew York : _bScholastic, _c2004. |
||
| 300 |
_a16 pages : _bcolor illustrations ; _c26 cm |
||
| 505 | _aJ | ||
| 520 | _aReinforces the grammar rules related to run-on sentences through the story of Kevin Crabtree, a boy who causes havoc when he gets an idea for a story and his first sentence runs-off the page and out of the house. | ||
| 521 | 8 |
_a500
_bLexile estimate |
|
| 521 | 8 |
_aJ
_bRaz-Plus |
|
| 650 |
_aSentence Structure _vGrammar _xPicture Book |
||
| 700 |
_aJones, Doug _eillustrator |
||
| 942 |
_2ddc _cBK _n0 |
||
| 999 |
_c8379 _d8379 |
||